Normal view
MARC view
- Dostoevsky
Entry Personal Name
001 - CONTROL NUMBER
- control field: 9746
003 - CONTROL NUMBER IDENTIFIER
- control field: NUST
005 - DATE AND TIME OF LATEST TRANSACTION
- control field: 20180124145030.0
008 - FIXED-LENGTH DATA ELEMENTS
- fixed length control field: 180124|| aca||aabn | a|a d
040 ## - CATALOGING SOURCE
- Original cataloging agency: NUST
- Transcribing agency: NUST
100 ## - HEADING--PERSONAL NAME
- Personal name: Dostoevsky
670 ## - SOURCE DATA FOUND
- Source citation: Work cat.: (NUST)325189: Dostoevsky, Dostoevsky, 2014
